| 000 | 00650nam a22002057a 4500 | ||
|---|---|---|---|
| 003 | OSt | ||
| 005 | 20150522172956.0 | ||
| 008 | 150522b xxu||||| |||| 00| 0 eng d | ||
| 020 | _a0443075670 | ||
| 040 | _cDLC | ||
| 082 | _aWG 17 A65r 1998 | ||
| 245 |
_aAtlas of Cardiac imaging / _cEditor: Richard T Lee, Eugene Braunwald |
||
| 260 |
_aPhiladelphia: _bChurchill Livingstone; _c1998. |
||
| 300 |
_ax,different numbering: _bcol.ill; _c29 cm |
||
| 504 | _aIncludes bibliographical references and index | ||
| 650 |
_aCardiac Imaging _94857 |
||
| 700 |
_4Editor _a Lee Richard T _94858 |
||
| 700 |
_4Editor _a Braunwald Eugene _94859 |
||
| 942 |
_2z _cSLOAN |
||
| 999 |
_c1849 _d1849 |
||